1212 1979 1325 1081 1016 1643 1240 1566 1912 1534 1982 1140 1803 1667 1774 1512 1668 1184 1645 1650 1643 1997 1915 1331 1924 1224 1787 1229 1826 1300 1231 1585 1303 1892 1033 1609 1836 1560 1169 1575 1757 1997 1163 1132 1122 1588 1245 1252 1941 1497 1686 1651 1713 1271 1101 1974 1646 1402 1196 1799 1968 1672 1559 1762 1068 1474 1366 1276 1334 1960 1393 1293 1904 1849 1229 1418 1032 1409 1014 1091 1430 1838 1689 1874 1661 1458 1767 1093 1447 1770 1588 1874 1279 1212 1454 1377 1869 1680 1329 BCNSPRNW ULIB Ver.6.0+V

เปลี่ยนเป็นภาษาไทย

Change to English
 แสดงรายละเอียดบรรณานุกรม
  กลับหน้าหลัก

Brief Record : Get Marc (ISO 2709) : E-mail record : QR code < ปิดหน้าต่าง
LEADER : 00000nam 2200000uu 4500
001    13399121913
003     ULIB
008    121213s2546||||th 000 0 tha d
020    ^a9741315694
060 04 ^aWO100^bช495ต 2546
245 00 ^aตำราศัลยศาสตร์ /^cบรรณาธิการ, ชาญวิทย์ ตันติ์พิพัฒน์, ธนิตวัชรพุกก์
250    ^aพิมพ์ครั้งที่ 7
260    ^aกรุงเทพฯ :^bสำนักพิมพ์แห่งจุฬาลงกรณ์มหาวิทยาลัย,^c2546
300    ^a966 หน้า :^bภาพประกอบ ;^c26ซม.
650  7 ^aศัลยศาสตร์
700 0  ^aชาญวิทย์ ตันติ์พิพัฒน์,^eบรรณาธิการ
700 0  ^aธนิต วัชรหพุกก์,^eบรรณาธิการ
945    ^p600^l0^i13403
945    ^p600^l0^i13404
945    ^p600^l0^i13405
945    ^p600^l0^i13406
945    ^p600^l0^i13408
945    ^p600^l0^i13410
945    ^p600^l0^i13411
995    ^aทศพร
999    ^aทศพร เกษรทอง
รายการนี้ยังไม่มีแท็ก
คุณยังไม่ได้ล็อกอิน คุณสามารถมีกิจกรรมร่วมกับเว็บไซต์ได้ แต่ต้องล็อกอินก่อน ::
  ล็อกอิน

รายการสื่อสารสนเทศ

ลำดับที่ ประเภท เลขเรียก/บาร์โค้ด สถานที่ สถานะ
1. วิทยาศาสตร์การแพทย์ และสุขภาพ
วิทยาศาสตร์การแพทย์ และสุขภาพ
WO100 ช495ต 2546 ฉ.10 
  Barcode: 13411
ห้องสมุดวิทยาเขตสวรรค์ประชารักษ์
►หนังสือทั่วไป
บนชั้น
2. วิทยาศาสตร์การแพทย์ และสุขภาพ
วิทยาศาสตร์การแพทย์ และสุขภาพ
WO100 ช495ต 2546 ฉ.2 
  Barcode: 13403
ห้องสมุดวิทยาเขตสวรรค์ประชารักษ์
►หนังสือทั่วไป
บนชั้น
3. วิทยาศาสตร์การแพทย์ และสุขภาพ
วิทยาศาสตร์การแพทย์ และสุขภาพ
WO100 ช495ต 2546 ฉ.3 
  Barcode: 13404
ห้องสมุดวิทยาเขตสวรรค์ประชารักษ์
►หนังสือทั่วไป
บนชั้น
4. วิทยาศาสตร์การแพทย์ และสุขภาพ
วิทยาศาสตร์การแพทย์ และสุขภาพ
WO100 ช495ต 2546 ฉ.4 
  Barcode: 13405
ห้องสมุดวิทยาเขตสวรรค์ประชารักษ์
►หนังสือทั่วไป
บนชั้น
5. วิทยาศาสตร์การแพทย์ และสุขภาพ
วิทยาศาสตร์การแพทย์ และสุขภาพ
WO100 ช495ต 2546 ฉ.5 
  Barcode: 13406
ห้องสมุดวิทยาเขตสวรรค์ประชารักษ์
►หนังสือทั่วไป
บนชั้น
6. วิทยาศาสตร์การแพทย์ และสุขภาพ
วิทยาศาสตร์การแพทย์ และสุขภาพ
WO100 ช495ต 2546 ฉ.7 
  Barcode: 13408
ห้องสมุดวิทยาเขตสวรรค์ประชารักษ์
►หนังสือทั่วไป
บนชั้น
7. วิทยาศาสตร์การแพทย์ และสุขภาพ
วิทยาศาสตร์การแพทย์ และสุขภาพ
WO100 ช495ต 2546 ฉ.9 
  Barcode: 13410
ห้องสมุดวิทยาเขตสวรรค์ประชารักษ์
►หนังสือทั่วไป
บนชั้น

รายการใกล้เคียง
    หัวเรื่อง [ศัลยศาสตร์]

BibComment


ยังไม่เคยถูกคอมเมนท์

คอมเมนท์ทรัพยากรรายการนี้
  คอมเมนท์: ตำราศัลยศาสตร์ ..


 Copyright 2026. Bcnsprnw @Library